000 01001nam a22003015i 4500
001 176186
003 ES-MaACL
005 20230906220021.0
008 101222s1977 sp |||| | spa d
020 _a84-345-1590-3
080 _a616.155.19
080 _a616.15
245 0 0 _aAnemia megaloblástica /
_cdirector, A. V. Hoffbrand ; consejo editorial H. G. Lasch... [et al.] ; [versión castellana de J. Dachs].
260 _aBarcelona [etc.] :
_bSalvat,
_cimp. 1977.
300 _aX, 317 p. ;
_c25 cm.
490 1 _aClínica hematológica ;
_v4/3
500 _aÍndice.
504 _aBibliografía.
594 _aTít. original: Megaloblastic anaemia.
650 0 4 _aAnemia.
_9144471
650 4 _aHematología.
_913300
700 1 _aHoffbrand, A. V.
_9144479
700 1 _aLasch, Hans-Gotthard.
_9144469
700 1 _aDachs Orrit, José María.
_942410
830 0 _aClínica hematológica ;
_v4/3
_9187616
852 _aES-MaACL
_jE-13863
_xOlim P-372
999 _c176186
_d176186